00876nam a2200265 u 450000100070000000500170000700800410002403500110006504000130007604100080008905000070009710000330010424501450013726000230028230000180030565000260032365000340034965000280038365000270041165000270043865000380046565000250050365000390052870000430056738998420260506082833.0990429s1998 ||||||m| spa  a389984 ccomduadb aspa 4aHF10aMatias Ruiz, Pedro4auteaut10aEstudio descriptivo diseno del sistema de control interno en la empresa social del estado Hospital San Rafael Municipio de Yolombo-Antioquia aMedellín,c1998. a131 páginas aYolombó (Antioquia) aHospital San Rafael (Yolombo) aServicios hospitalarios 7aControl interno2embne 7aRecursos humanos2lemb aAdministración y organización aAntioquia (Colombia) 7aAdministración hospitalaria2dcs10aVilla Montoya, Jaris Alberto4auteaut